MAASAI MARA UNIVERSITY

LIBRARY CATALOGUE

Contact Us: +254 020 2685356/7 or 0774 057787

Box: 861-20500, NAROK, KENYA

Email: info@mmarau.ac.ke

Microsoft Office Excel 2007 / (Record no. 30398)

MARC details
000 -LEADER
fixed length control field 01447cam a2200325 a 4500
001 - CONTROL NUMBER
control field 14807724
003 - CONTROL NUMBER IDENTIFIER
control field OSt
005 - DATE AND TIME OF LATEST TRANSACTION
control field 20180123111104.0
008 - FIXED-LENGTH DATA ELEMENTS--GENERAL INFORMATION
fixed length control field 070413s2008 njua 001 0 eng
010 ## - LIBRARY OF CONGRESS CONTROL NUMBER
LC control number 2007015467
020 ## - INTERNATIONAL STANDARD BOOK NUMBER
International Standard Book Number 9780132330770 (Student edition : Available for sale)
020 ## - INTERNATIONAL STANDARD BOOK NUMBER
International Standard Book Number 0132330776 (Desk reference edition: Not available for sale)
040 ## - CATALOGING SOURCE
Original cataloging agency MMU
Transcribing agency MMU
Modifying agency MMU
Language of cataloging eng
050 00 - LIBRARY OF CONGRESS CALL NUMBER
Classification number HF5548.4.M523
Item number G727 2007
082 00 - DEWEY DECIMAL CLASSIFICATION NUMBER
Classification number 005.54
Edition number 22
100 1# - MAIN ENTRY--PERSONAL NAME
Personal name Grauer, Robert T.,
Dates associated with a name 1945-
245 10 - TITLE STATEMENT
Title Microsoft Office Excel 2007 /
Statement of responsibility, etc. Robert T. Grauer, Keith Mulbery, Judy Scheeren.
260 ## - PUBLICATION, DISTRIBUTION, ETC. (IMPRINT)
Place of publication, distribution, etc. Upper Saddle River, NJ :
Name of publisher, distributor, etc. Pearson Prentice Hall,
Date of publication, distribution, etc. c2007.
300 ## - PHYSICAL DESCRIPTION
Extent 312 p. :
Other physical details ill. ;
Dimensions 28 cm.
490 0# - SERIES STATEMENT
Series statement Exploring series
500 ## - GENERAL NOTE
General note Includes index.
630 00 - SUBJECT ADDED ENTRY--UNIFORM TITLE
Uniform title Microsoft Excel (Computer file)
650 #0 - SUBJECT ADDED ENTRY--TOPICAL TERM
Topical term or geographic name as entry element Business
General subdivision Computer programs.
650 #0 - SUBJECT ADDED ENTRY--TOPICAL TERM
Topical term or geographic name as entry element Electronic spreadsheets.
700 1# - ADDED ENTRY--PERSONAL NAME
Personal name Mulbery, Keith.
700 1# - ADDED ENTRY--PERSONAL NAME
Personal name Scheeren, Judy.
856 41 - ELECTRONIC LOCATION AND ACCESS
Materials specified Table of contents only
Uniform Resource Identifier http://www.loc.gov/catdir/toc/ecip0716/2007015467.html
906 ## - LOCAL DATA ELEMENT F, LDF (RLIN)
a 7
b cbc
c orignew
d 1
e ecip
f 20
g y-gencatlg
942 ## - ADDED ENTRY ELEMENTS (KOHA)
Source of classification or shelving scheme Library of Congress Classification
Koha item type L
Holdings
Withdrawn status Lost status Source of classification or shelving scheme Damaged status Not for loan Home library Current library Date acquired Source of acquisition Total Checkouts Full call number Barcode Date last seen Price effective from Koha item type
    Library of Congress Classification     Maasai Mara University Library -Main Campus Maasai Mara University Library -Main Campus 01/23/2018 Donation -T4C   HF5548.4.M523G72 2007 17035685 01/23/2018 01/23/2018 L
© 2016 Maasai Mara University.